| 000 | 00503nam a22001817a 4500 | ||
|---|---|---|---|
| 999 |
_c7167 _d7167 |
||
| 003 | GBCCL | ||
| 005 | 20241126110621.0 | ||
| 008 | 180716b ||||| |||| 00| 0 eng d | ||
| 020 | _a8192073653 | ||
| 040 | _cgbc | ||
| 082 |
_a220.93 _bMAN |
||
| 245 |
_a501 Manners and customs of Bible times / _cCompiled by K.S. Amos |
||
| 250 | _aReprint | ||
| 260 |
_aChennai: _bWord of Christ, _c2014 |
||
| 300 |
_axviii, 222 p.; _bill., _c20 cm. |
||
| 650 |
_aBible _xManners and Customs _912674 |
||
| 942 |
_2ddc _cBK _02 |
||